000
00310nam a22001337a 4500
008
181106b xxu||||| |||| 00| 0 eng d
020
_a
9780925065315
041
_a
eng
080
_a
370
100
_a
49
101
_a
EDU
245
_a
Generalist Practice In Laagr Settings
_c
Tomas.M M
942
_2
udc
_c
BK
999
_c
51960
_d
51960